000 00407nam a22001697a 4500
999 _c5140
_d5138
005 20210826111844.0
008 160702b xxu||||| |||| 00| 0 eng d
020 _a0-19-8097470-9
041 _aeng
082 _b20829
_a005.133
100 _aBhasin, Harsh
_96700
245 _aProgramming In C#
260 _bOxford
_c2014
_anew delhi
300 _a585
650 _aDiploma Engineering
_9817
942 _cBK